Dicho y hecho 6: Español como lengua extranjera
Gardado en:
| Main Authors: | , , |
|---|---|
| Formato: | Libro |
| Idioma: | Lingua castelá |
| Publicado: |
Ciudad de México
Centro de Enseñanza para Extranjeros
2014
|
| Edición: | 1a. ed |
| Series: | Dicho y Hecho, 6
|
| Subjects: | |
| Tags: |
Engadir etiqueta
Sen Etiquetas, Sexa o primeiro en etiquetar este rexistro!
|
MARC
| LEADER | 00000cam a2200000 a 4500 | ||
|---|---|---|---|
| 001 | UCE8808 | ||
| 003 | CL-VaPUC | ||
| 008 | 150904e20140000mx |||||||||||||||||spa|d | ||
| 020 | |a 9786070258015 | ||
| 082 | 0 | 4 | |a 468.2421 |b GON |2 21 |
| 100 | 0 | |a González Añorve, Cecilia |e author |9 581545 | |
| 700 | 0 | |a Cordero Ríos, Carolina |e author |9 581546 | |
| 700 | 0 | |a García Bustos, Catalina |e author |9 581547 | |
| 245 | 1 | 0 | |a Dicho y hecho 6: Español como lengua extranjera |
| 250 | |a 1a. ed | ||
| 300 | |a v | ||
| 942 | |c BK | ||
| 945 | |d 20150904 11:50:00 |a dcastane | ||
| 260 | |a Ciudad de México |b Centro de Enseñanza para Extranjeros |c 2014 | ||
| 500 | |a Incluye CD | ||
| 650 | 0 | |a Lingüística aplicada |9 313266 | |
| 650 | 0 | |a Idioma español |9 309143 | |
| 650 | 0 | |a Segunda lengua |9 556822 | |
| 583 | |a last modification |c 20150904 11:50:00 |k Rodrigo Vera | ||
| 490 | 0 | |a Dicho y Hecho, 6 | |
| 999 | |c 360578 |d 360576 | ||
| 952 | |0 0 |1 0 |3 erb |4 0 |6 468_242100000000000_GON_2014 |7 0 |8 A |9 470446 |a FDOPOS |b FDOPOS |i 5196744 |o 468.2421 GON 2014 |p 5196744 |r 2025-01-22 |w 2019-11-23 |y BK |z Catalogado en:20150904 |k DLA | ||